| 000 | 00503nam a2200193Ia 4500 | ||
|---|---|---|---|
| 005 | 20250508152124.0 | ||
| 008 | 008 250505s9999 xx 000 0 eng d | ||
| 037 | _aTextual | ||
| 040 |
_aFEDL _beng _cFEDL |
||
| 041 |
_aeng _2eng |
||
| 084 |
_a335, CRO _qFEDL |
||
| 100 |
_aCrosland C. A. R. _9125106 |
||
| 245 | 0 | _aFuture of socialism | |
| 260 |
_aLondon, UK _bJonathan Cape _c1956 |
||
| 300 | _a540p | ||
| 650 | _aEconomics | ||
| 942 |
_cTEXL _h335, CRO |
||
| 999 |
_c1334402 _d1334402 |
||